| 000 | 00686nam a2200217 a 4500 | ||
|---|---|---|---|
| 001 | 19071 | ||
| 003 | CO-ViMGA | ||
| 008 | 141112s2004 ck r 000 u spa d | ||
| 020 | _a9701506979 | ||
| 040 |
_aCO-ViMGA _bspa _cCO-ViMGA |
||
| 082 | 0 | 4 | _a153.733 A515p |
| 100 | 1 |
_aAñaños, Elena _927356 |
|
| 245 | 1 | 0 |
_aPsicología de la Atención y de la percepción : _bguía de estudio y evaluación personalizada |
| 260 |
_aMexico : _bAlfaomega; 2001 |
||
| 300 | _a81 p. + CD Rom | ||
| 590 |
_aForma de adquisición : Proyecto 2005 - - Precio : _31.500 |
||
| 650 | 1 | 4 |
_aATENCION - PSICOLOGIA _927357 |
| 650 | 1 | 4 |
_aPERCEPCION _927358 |
| 650 | 1 | 4 |
_aPSICOPEDAGOGIA _914915 |
| 942 |
_2ddc _cBK |
||
| 999 |
_c28257 _d28257 |
||